[Event "2. Bundesliga West 2009/20010"]
[Site "Braunau"]
[Date "2009.10.25"]
[Round "3"]
[Board "1"]
[White "Prusikin, Michael"]
[Black "Medvegy, Zoltan"]
[Result "1/2-1/2"]
[WhiteElo "2534"]
[BlackElo "2547"]
[PlyCount "83"]
[EventDate "2009.10.23"]
[EventType "team"]
[EventRounds "11"]
[EventCountry "AUT"]
[WhiteTeam "Wuestenrot Sbg SIR"]
[BlackTeam "ATSV Ranshofen"]

1.d4 Nf6 2.c4 e6 3.Nf3 b6 4.g3 Bb7 5.Bg2 Be7 6.O-O O-O 7.Re1 Na6 8.Ne5 Bxg2
9.Kxg2 d6 10.Nc6 Qd7 11.Nxe7+ Qxe7 12.Nc3 c5 13.Bg5 Nc7 14.Bxf6 gxf6 15.e4 cxd4
16.Qxd4 Rfc8 17.b3 Ne8 18.Rad1 Qc7 19.Re3 a6 20.a4 Qc5 21.Qd3 Qb4 22.Qb1 Qc5
23.Rdd3 Kf8 24.Rf3 Ke7 25.Qd1 Qh5 26.Qd2 Rc5 27.Rfe3 Rac8 28.f4 Qg4 29.Rf3 R8c6
30.Rde3 Rc8 31.Qf2 Qg7 32.Re2 Kf8 33.f5 h5 34.Rf4 Qg5 35.Rd2 R8c6 36.Rd3 Re5
37.Qf3 Ke7 38.Ne2 Rc7 39.Qf2 b5 40.axb5 axb5 41.Nd4 bxc4 42.bxc4

[Event "2. Bundesliga West 2009/20010"]
[Site "Braunau"]
[Date "2009.10.25"]
[Round "3"]
[Board "2"]
[White "Konnyu, Janos"]
[Black "Bromberger, Stefan"]
[Result "0-1"]
[WhiteElo "2401"]
[BlackElo "2510"]
[PlyCount "82"]
[EventDate "2009.10.23"]
[EventType "team"]
[EventRounds "11"]
[EventCountry "AUT"]
[WhiteTeam "ATSV Ranshofen"]
[BlackTeam "Wuestenrot Sbg SIR"]

1.e4 c5 2.Nf3 e6 3.d4 cxd4 4.Nxd4 a6 5.c4 Nf6 6.Nc3 Qc7 7.Be2 b6 8.O-O Bb7 9.Qd3
Nc6 10.Nxc6 Bxc6 11.Be3 Bb4 12.f3 O-O 13.a3 Bc5 14.b4 Bxe3+ 15.Qxe3 d6 16.Rac1
Rfb8 17.Rfd1 Be8 18.Rd2 Rd8 19.Rcd1 Rac8 20.f4 Bc6 21.g4 h6 22.g5 hxg5 23.fxg5
Nh7 24.h4 Nf8 25.Bh5 Be8 26.Rd4 b5 27.Qg3 e5 28.R4d3 Qb6+ 29.Kh2 Rxc4 30.Nd5 Qa7
31.Rf1 Rxe4 32.Rdf3 Re2+ 33.R3f2 Rxf2+ 34.Rxf2 Ng6 35.Bxg6 fxg6 36.h5 Qb7 37.Qb3
Bf7 38.Rxf7 Qxf7 39.Ne7+ Kf8 40.Nxg6+ Ke8 41.Qc2 Qf3

[Event "2. Bundesliga West 2009/20010"]
[Site "Braunau"]
[Date "2009.10.25"]
[Round "3"]
[Board "3"]
[White "Pitl, Gregory"]
[Black "Webersberger, Johann"]
[Result "1/2-1/2"]
[WhiteElo "2405"]
[BlackElo "2367"]
[PlyCount "56"]
[EventDate "2009.10.23"]
[EventType "team"]
[EventRounds "11"]
[EventCountry "AUT"]
[WhiteTeam "Wuestenrot Sbg SIR"]
[BlackTeam "ATSV Ranshofen"]

1.d4 d6 2.e4 Nf6 3.Nc3 e5 4.Nf3 Nbd7 5.Bc4 Be7 6.O-O O-O 7.Re1 c6 8.a4 b6 9.h3
a6 10.Ba2 Rb8 11.Qd3 b5 12.axb5 axb5 13.Ne2 d5 14.Nxe5 Nxe5 15.dxe5 Nxe4 16.Ng3
Nc5 17.Qe2 f5 18.exf6 Bxf6 19.Nh5 Bf5 20.Be3 Ne4 21.c3 Ra8 22.Nxf6+ Qxf6 23.Bb3
Qg6 24.Rxa8 Rxa8 25.Kh2 Qd6+ 26.Kg1 Qg6 27.Kh2 Qd6+ 28.Kg1 Qg6

[Event "2. Bundesliga West 2009/20010"]
[Site "Braunau"]
[Date "2009.10.25"]
[Round "3"]
[Board "4"]
[White "Menacher, Manfred"]
[Black "Pflug, Mathias"]
[Result "1/2-1/2"]
[WhiteElo "2274"]
[BlackElo "2270"]
[PlyCount "70"]
[EventDate "2009.10.23"]
[EventType "team"]
[EventRounds "11"]
[EventCountry "AUT"]
[WhiteTeam "ATSV Ranshofen"]
[BlackTeam "Wuestenrot Sbg SIR"]

1.d4 d5 2.c4 e6 3.Nf3 c6 4.cxd5 exd5 5.Qc2 Bd6 6.Bg5 Ne7 7.e3 Bf5 8.Bd3 Bxd3
9.Qxd3 Qd7 10.Nc3 O-O 11.O-O h6 12.Bf4 Qf5 13.Qxf5 Nxf5 14.Rab1 Nd7 15.Rfc1 Rac8
16.Bxd6 Nxd6 17.Rc2 f6 18.Rbc1 Kf7 19.Nd2 Rfe8 20.Kf1 g5 21.Na4 Ke7 22.Nb3 Ne4
23.Na5 Rc7 24.b4 Nb6 25.Nb2 Nd6 26.Ke2 Kd7 27.Kd3 a6 28.Nb3 Nbc4 29.Nc5+ Kc8
30.a4 Kb8 31.Kc3 Ka7 32.Kb3 Rd7 33.Nd1 Rf7 34.Rc3 Kb6 35.Nb2 f5

[Event "2. Bundesliga West 2009/20010"]
[Site "Braunau"]
[Date "2009.10.25"]
[Round "3"]
[Board "5"]
[White "Huch, Reiner"]
[Black "Dovzik, Juri"]
[Result "1/2-1/2"]
[WhiteElo "2287"]
[BlackElo "2365"]
[PlyCount "72"]
[EventDate "2009.10.23"]
[EventType "team"]
[EventRounds "11"]
[EventCountry "AUT"]
[WhiteTeam "Wuestenrot Sbg SIR"]
[BlackTeam "ATSV Ranshofen"]

1.Nf3 c5 2.c4 Nc6 3.e3 Nf6 4.Nc3 e6 5.d4 d5 6.Bd3 dxc4 7.Bxc4 a6 8.O-O cxd4
9.exd4 Be7 10.Bg5 O-O 11.a3 b5 12.Bb3 Bb7 13.Qd3 Na5 14.Bc2 g6 15.Ne5 Rc8
16.Rad1 Nd5 17.Bh6 Nxc3 18.bxc3 Qd5 19.f3 Rfd8 20.a4 Nc6 21.Ng4 b4 22.Rb1 Qd7
23.Qe3 bxc3 24.Rfd1 Ba8 25.Bb3 Qa7 26.Kh1 c2 27.Bxc2 Rxd4 28.Qc3 Rcd8 29.Be3 h5
30.Bxd4 Nxd4 31.Ne3 h4 32.Be4 Bxe4 33.fxe4 Bf6 34.Nc4 Bg7 35.Qe3 e5 36.Qg5 Qa8

[Event "2. Bundesliga West 2009/20010"]
[Site "Braunau"]
[Date "2009.10.25"]
[Round "3"]
[Board "6"]
[White "Zoister, Stefan"]
[Black "Riemelmoser, Franz"]
[Result "1/2-1/2"]
[WhiteElo "2224"]
[BlackElo "2291"]
[PlyCount "51"]
[EventDate "2009.10.23"]
[EventType "team"]
[EventRounds "11"]
[EventCountry "AUT"]
[WhiteTeam "ATSV Ranshofen"]
[BlackTeam "Wuestenrot Sbg SIR"]

1.e4 e6 2.d4 d5 3.Nc3 Bb4 4.e5 c5 5.Bd2 Ne7 6.Nb5 Bxd2+ 7.Qxd2 O-O 8.dxc5 Nbc6
9.Nf3 Ng6 10.Qe3 f6 11.exf6 Qxf6 12.O-O-O Bd7 13.h4 a6 14.Nd6 h6 15.h5 Nge7
16.c4 Rfb8 17.cxd5 Nxd5 18.Qe4 Ncb4 19.Bc4 Nf4 20.Ne5 Be8 21.Nc6 bxc6 22.Rd2 Qg5
23.g3 Nfd5 24.Qxe6+ Kf8 25.Ne4 Qe7 26.Bd3

[Event "2. Bundesliga West 2009/20010"]
[Site "Kufstein"]
[Date "2009.11.27"]
[Round "4"]
[Board "1"]
[White "Sergeev, Vladimir"]
[Black "Blaskowski, Johannes"]
[Result "1-0"]
[WhiteElo "2447"]
[BlackElo "2332"]
[PlyCount "63"]
[EventDate "2009.10.23"]
[EventType "team"]
[EventRounds "11"]
[EventCountry "AUT"]
[WhiteTeam "Dornbirn"]
[BlackTeam "Hypo Kufstein"]

1.Nf3 Nf6 2.d4 c5 3.g3 d5 4.Bg2 Nc6 5.O-O Bg4 6.Ne5 Qc8 7.Nxg4 Qxg4 8.dxc5 e6
9.a3 Bxc5 10.Nd2 O-O 11.b4 Bb6 12.Bb2 Rac8 13.Nf3 Rfd8 14.e3 Qc4 15.Nd2 Qb5
16.Bxf6 gxf6 17.Qg4+ Kf8 18.Qh4 Kg7 19.Qg4+ Kf8 20.Qh4 Kg7 21.c4 dxc4 22.Nxc4
Bd4 23.Rac1 Ne7 24.Be4 Rxc4 25.Qxh7+ Kf8 26.Bd3 Bb2 27.Rxc4 Qg5 28.Rb1 Qe5
29.Qh8+ Ng8 30.Rg4 Rxd3 31.Rxg8+ Ke7 32.Re8+

[Event "2. Bundesliga West 2009/20010"]
[Site "Kufstein"]
[Date "2009.11.27"]
[Round "4"]
[Board "2"]
[White "Maurer, Jochen"]
[Black "Novkovic, Julia"]
[Result "1-0"]
[WhiteElo "2212"]
[BlackElo "2116"]
[PlyCount "139"]
[EventDate "2009.10.23"]
[EventType "team"]
[EventRounds "11"]
[EventCountry "AUT"]
[WhiteTeam "Hypo Kufstein"]
[BlackTeam "Dornbirn"]

1.e4 c5 2.c3 d5 3.exd5 Qxd5 4.d4 Nf6 5.Nf3 Nc6 6.dxc5 Qxc5 7.Be3 Qa5 8.Na3 Be6
9.Nc4 Qc7 10.Qa4 Nd5 11.Bd4 Bd7 12.Qc2 Nxd4 13.Nxd4 b5 14.Ne3 Nxe3 15.fxe3 Rb8
16.Bd3 g6 17.O-O-O Bh6 18.Rhe1 e5 19.Nf3 O-O 20.h4 Bg4 21.Kb1 Bg7 22.Be4 Rfd8
23.Bd5 b4 24.cxb4 Qxc2+ 25.Kxc2 Rdc8+ 26.Kb3 a5 27.a3 axb4 28.axb4 Bf8 29.Rc1
Rxb4+ 30.Ka2 Rcb8 31.b3 Bxf3 32.gxf3 Rxh4 33.Re2 Rb6 34.Rc7 Ra6+ 35.Kb2 Ba3+
36.Kc3 Rf6 37.Ra2 Bb4+ 38.Kd3 Bd6 39.Rxf7 e4+ 40.fxe4 Rxf7 41.Ra7 Rh1 42.Bxf7+
Kf8 43.Kc4 Be7 44.Be6 Rc1+ 45.Kd3 h5 46.e5 h4 47.Ke4 Rc3 48.Rb7 Rc1 49.b4 Rh1
50.b5 h3 51.Kf3 g5 52.b6 g4+ 53.Kxg4 h2 54.Kh3 Bc5 55.Rf7+ Ke8 56.b7 Rb1 57.Kxh2
Be7 58.Rxe7+ Kxe7 59.Bd5 Kd7 60.Kg3 Kc7 61.Kf4 Rf1+ 62.Ke4 Rf8 63.Kd4 Re8 64.e4
Rb8 65.Kc5 Rh8 66.e6 Rb8 67.e7 Kd7 68.Be6+ Kxe7 69.Bb3 Ke8 70.Kb6

[Event "2. Bundesliga West 2009/20010"]
[Site "Kufstein"]
[Date "2009.11.27"]
[Round "4"]
[Board "3"]
[White "Karrer, Damian"]
[Black "Rusche, Johannes"]
[Result "1-0"]
[WhiteElo "2159"]
[BlackElo "2170"]
[PlyCount "100"]
[EventDate "2009.10.23"]
[EventType "team"]
[EventRounds "11"]
[EventCountry "AUT"]
[WhiteTeam "Dornbirn"]
[BlackTeam "Hypo Kufstein"]

1.e4 c5 2.Nf3 e6 3.d4 cxd4 4.Nxd4 a6 5.c4 Nf6 6.Nc3 Bb4 7.Bd3 Qc7 8.O-O Bxc3
9.bxc3 d6 10.Bg5 Nbd7 11.f4 Qc5 12.Kh1 h6 13.Bh4 Qh5 14.Qe1 g5 15.Bg3 gxf4
16.Rxf4 Qg5 17.Rf1 Ng4 18.Bxd6 Nge5 19.Qe2 Rg8 20.Rad1 Qg7 21.Rg1 b6 22.Nf3 Nxd3
23.Qxd3 Bb7 24.Be7 Bc6 25.Qd6 Ba4 26.c5 f6 27.Qxe6 Qf7 28.Qxf7+ Kxf7 29.Rd4 Bb5
30.Bd6 bxc5 31.Rd2 Rae8 32.Re1 Re6 33.Bf4 h5 34.Rd5 Bc6 35.Rxh5 Rxe4 36.Rxe4
Bxe4 37.Ne1 Re8 38.Bg3 Ke6 39.Kg1 Bg6 40.Rh4 Kd5 41.Kf2 Ne5 42.Bxe5 fxe5 43.Ke3
Bb1 44.Ra4 Ra8 45.Nf3 a5 46.Nd2 Bc2 47.Rh4 Rb8 48.Rh6 c4 49.Ra6 Rb5 50.h4 Bd1

[Event "2. Bundesliga West 2009/20010"]
[Site "Kufstein"]
[Date "2009.11.27"]
[Round "4"]
[Board "4"]
[White "Englert, Jan"]
[Black "Langwieser, Alexander"]
[Result "1/2-1/2"]
[WhiteElo "2146"]
[BlackElo "2049"]
[PlyCount "76"]
[EventDate "2009.10.23"]
[EventType "team"]
[EventRounds "11"]
[EventCountry "AUT"]
[WhiteTeam "Hypo Kufstein"]
[BlackTeam "Dornbirn"]

1.d4 d5 2.Nc3 c6 3.Bg5 Bf5 4.e3 Qb6 5.Rb1 Nd7 6.Bd3 Bxd3 7.Qxd3 e6 8.Nf3 Ngf6
9.O-O h6 10.Bh4 Be7 11.e4 dxe4 12.Nxe4 g5 13.Nxf6+ Bxf6 14.Bg3 O-O-O 15.c3 h5
16.Qe2 h4 17.Bd6 g4 18.Nd2 Rdg8 19.Nc4 Qd8 20.Bf4 Be7 21.Ne5 Nxe5 22.Qxe5 Kd7
23.Rfe1 Ke8 24.c4 Bf6 25.Qe2 Qxd4 26.Be3 Qe4 27.Bxa7 Qxe2 28.Rxe2 Rh5 29.Bb6 c5
30.Rd1 Bd4 31.Red2 Ke7 32.b4 g3 33.Bxc5+ Bxc5 34.bxc5 gxh2+ 35.Kxh2 Rxc5 36.Rd7+
Kf6 37.R1d4 Rf5 38.Rd2 Rfg5

[Event "2. Bundesliga West 2009/20010"]
[Site "Kufstein"]
[Date "2009.11.27"]
[Round "4"]
[Board "5"]
[White "Kessler, Michaela"]
[Black "Steinbacher, Thomas"]
[Result "1/2-1/2"]
[WhiteElo "1913"]
[BlackElo "2059"]
[PlyCount "78"]
[EventDate "2009.10.23"]
[EventType "team"]
[EventRounds "11"]
[EventCountry "AUT"]
[WhiteTeam "Dornbirn"]
[BlackTeam "Hypo Kufstein"]

1.e4 e5 2.Nf3 Nc6 3.Bb5 a6 4.Ba4 f5 5.d3 fxe4 6.dxe4 Nf6 7.Nbd2 Bc5 8.O-O d6
9.h3 O-O 10.c3 Qe8 11.Bc2 Ne7 12.Nc4 b5 13.Ne3 Qh5 14.a4 bxa4 15.Bxa4 Kh8 16.Bb3
Rb8 17.Bc2 Bb7 18.Nd2 Bxe3 19.fxe3 Qxd1 20.Rxd1 Nh5 21.Bd3 Rf6 22.g4 Rg6 23.Kh2
Nf6 24.Rf1 h5 25.gxh5 Rh6 26.Ra4 Rxh5 27.Rg1 g5 28.Be2 Rh4 29.Rxg5 Rf8 30.Bxa6
Bc6 31.Rb4 Nh5 32.Rg4 Rxg4 33.hxg4 Nf6 34.Be2 Kg7 35.Kg3 Rg8 36.Bf3 Kh6 37.b3
Nh7 38.Nf1 Ng5 39.Nh2 Kg6

[Event "2. Bundesliga West 2009/20010"]
[Site "Kufstein"]
[Date "2009.11.27"]
[Round "4"]
[Board "6"]
[White "Kranewitter, Norbert"]
[Black "Ruescher, Christian"]
[Result "1-0"]
[WhiteElo "2076"]
[BlackElo "1984"]
[PlyCount "75"]
[EventDate "2009.10.23"]
[EventType "team"]
[EventRounds "11"]
[EventCountry "AUT"]
[WhiteTeam "Hypo Kufstein"]
[BlackTeam "Dornbirn"]

1.Nf3 Nf6 2.c4 e6 3.Nc3 d5 4.d4 c6 5.g3 dxc4 6.a4 Bb4 7.Bg2 b5 8.O-O Bxc3 9.bxc3
Bb7 10.Ba3 Nbd7 11.Qc2 Nb6 12.Ne5 Qc7 13.e4 Nxa4 14.Nxc4 O-O-O 15.Nd6+ Kb8 16.e5
Ne8 17.Nxe8 Rhxe8 18.Bd6 Rxd6 19.exd6 Qxd6 20.Qxh7 Nxc3 21.Qxg7 Qc7 22.Bf3 a5
23.h4 a4 24.Bd1 c5 25.dxc5 Qc6 26.f3 Qxc5+ 27.Kg2 b4 28.Qxf7 Re7 29.Qf8+ Kc7
30.Bxa4 e5 31.Bc2 Nd5 32.Rfe1 Kd6 33.Be4 Qb6 34.Red1 b3 35.Rxd5+ Bxd5 36.Rd1 Qb4
37.Rxd5+ Kc6 38.Rd4+

[Event "2. Bundesliga West 2009/20010"]
[Site "Kufstein"]
[Date "2009.11.27"]
[Round "4"]
[Board "1"]
[White "Froewis, Georg"]
[Black "Deglmann, Ludwig"]
[Result "1/2-1/2"]
[WhiteElo "2220"]
[BlackElo "2329"]
[PlyCount "53"]
[EventDate "2009.10.23"]
[EventType "team"]
[EventRounds "11"]
[EventCountry "AUT"]
[WhiteTeam "Hohenems II"]
[BlackTeam "Sparkasse Jenbach II"]

1.e4 c5 2.Nf3 Nc6 3.d4 cxd4 4.Nxd4 g6 5.Nc3 Bg7 6.Be3 Nf6 7.Bc4 Qa5 8.O-O O-O
9.Bb3 d6 10.f3 Bd7 11.Qd2 Nxd4 12.Bxd4 Bc6 13.Rad1 Rfe8 14.Rfe1 Nd7 15.Bxg7 Kxg7
16.Kh1 Nf6 17.Qf2 Rad8 18.Rd3 b5 19.Nd5 Bxd5 20.exd5 Rc8 21.Rde3 Qb6 22.Qe2 Qd8
23.Qd2 Rc7 24.Qa5 Rb7 25.Qd2 Rc7 26.Qa5 Rb7 27.Qd2

[Event "2. Bundesliga West 2009/20010"]
[Site "Kufstein"]
[Date "2009.11.27"]
[Round "4"]
[Board "2"]
[White "Micheli, Carlo"]
[Black "Novkovic, Milan"]
[Result "1/2-1/2"]
[WhiteElo "2293"]
[BlackElo "2393"]
[PlyCount "114"]
[EventDate "2009.10.23"]
[EventType "team"]
[EventRounds "11"]
[EventCountry "AUT"]
[WhiteTeam "Sparkasse Jenbach II"]
[BlackTeam "Hohenems II"]

1.e4 c5 2.Nf3 e6 3.c3 Nf6 4.e5 Nd5 5.d4 cxd4 6.Qxd4 Nc6 7.Qe4 b6 8.Bd3 Bb7 9.Bg5
Qc7 10.Nbd2 f6 11.exf6 gxf6 12.Bh4 f5 13.Qa4 Rg8 14.Bg3 f4 15.Bh4 Be7 16.Bxh7
Rxg2 17.Be4 Bxh4 18.Nxh4 Rg4 19.Nhf3 Nf6 20.O-O-O O-O-O 21.Rhe1 Kb8 22.Bxc6 Bxc6
23.Qd4 Bxf3 24.Nxf3 Nd5 25.Kb1 b5 26.a4 a6 27.axb5 axb5 28.Ne5 Rg2 29.c4 bxc4
30.Nxc4 Rc8 31.Rc1 Qa7 32.Qe5+ Ka8 33.Red1 Qxf2 34.Rxd5 exd5 35.Qxd5+ Rc6 36.Rc3
Rg1+ 37.Ka2 Qc5 38.Qxd7 Rf6 39.Qd8+ Ka7 40.Na5 Qxa5+ 41.Qxa5+ Ra6 42.Qxa6+ Kxa6
43.Kb3 Rg2 44.Rf3 Rxh2 45.Rxf4 Rh6 46.Ka4 Rg6 47.b3 Kb6 48.Kb4 Rh6 49.Kc4 Rg6
50.Re4 Rh6 51.b4 Rg6 52.Kb3 Rh6 53.Kc4 Rg6 54.Re8 Rh6 55.Rb8+ Ka7 56.Rb5 Ka6
57.Ra5+ Kb6

[Event "2. Bundesliga West 2009/20010"]
[Site "Kufstein"]
[Date "2009.11.27"]
[Round "4"]
[Board "3"]
[White "Atlas, Dimitry"]
[Black "Kleissl, Helmut"]
[Result "1-0"]
[WhiteElo "2330"]
[BlackElo "2271"]
[PlyCount "87"]
[EventDate "2009.10.23"]
[EventType "team"]
[EventRounds "11"]
[EventCountry "AUT"]
[WhiteTeam "Hohenems II"]
[BlackTeam "Sparkasse Jenbach II"]

1.e4 d6 2.d4 Nf6 3.Nc3 Nbd7 4.Be3 e5 5.f4 Be7 6.Nf3 Ng4 7.Bd2 O-O 8.Qe2 c6
9.O-O-O exd4 10.Nxd4 Nc5 11.Nf5 Bxf5 12.exf5 Nf6 13.g4 d5 14.g5 Nfe4 15.Bg2 Nxd2
16.Rxd2 Bd6 17.Rf1 Re8 18.Qh5 Qc7 19.Qh4 Ne4 20.Bxe4 dxe4 21.Re2 e3 22.f6 Qa5
23.f5 Qb4 24.Qh5 g6 25.fxg6 hxg6 26.Qf3 Qh4 27.Rg1 Re5 28.Rg4 Qh5 29.Qg2 Rae8
30.h3 a5 31.a3 Bc5 32.Re1 e2 33.Rxe2 Be3+ 34.Kb1 Bxg5 35.Rxg5 Rxe2 36.Nxe2 Rxe2
37.Qg3 Qh6 38.Rxa5 Re8 39.Re5 Rd8 40.Re7 g5 41.Qe5 Qg6 42.Rxb7 Qh5 43.Ka2 Kh8
44.Qe7

[Event "2. Bundesliga West 2009/20010"]
[Site "Kufstein"]
[Date "2009.11.27"]
[Round "4"]
[Board "4"]
[White "Hoellrigl, Wilfried"]
[Black "Burschowsky, Matthias"]
[Result "0-1"]
[WhiteElo "2223"]
[BlackElo "2214"]
[PlyCount "144"]
[EventDate "2009.10.23"]
[EventType "team"]
[EventRounds "11"]
[EventCountry "AUT"]
[WhiteTeam "Sparkasse Jenbach II"]
[BlackTeam "Hohenems II"]

1.e4 c5 2.c3 d5 3.exd5 Qxd5 4.d4 Nf6 5.dxc5 Qxc5 6.Be3 Qa5 7.Qb3 Nc6 8.Nd2 e6
9.O-O-O Be7 10.Ngf3 Ng4 11.Nc4 Qc7 12.Be2 O-O 13.h3 Nxe3 14.Nxe3 a6 15.g4 b5
16.Kb1 Bb7 17.Rhg1 Rfd8 18.Rxd8+ Rxd8 19.Rd1 Qf4 20.Rxd8+ Nxd8 21.Qd1 Be4+
22.Ka1 Nc6 23.Ng2 Qf6 24.Nge1 Qh6 25.Bd3 Bd5 26.a4 Qxh3 27.axb5 axb5 28.Bxb5 Qh1
29.Be2 Na5 30.b4 Nc4 31.Bxc4 Bxc4 32.Qd7 Bf8 33.Kb2 Qf1 34.Qd2 Bd5 35.Nd4 Qc4
36.Nec2 g6 37.Qg5 h6 38.Qd8 e5 39.Ne2 Qa2+ 40.Kc1 Be4 41.Qd2 Be7 42.Kd1 Qb1+
43.Nc1 Bf3+ 44.Ke1 Bg5 45.Ne3 Bxg4 46.c4 Bh3 47.Qc3 Qe4 48.b5 Qh1+ 49.Ke2 e4
50.Nb3 Qf3+ 51.Ke1 Bh4 52.Qd2 Qh1+ 53.Ke2 Bg5 54.Qe1 Qf3+ 55.Kd2 Bh4 56.Qe2 Qf6
57.Nd1 Qd6+ 58.Kc2 Bf5 59.Ne3 Qa3 60.Nc1 Be6 61.Nd5 Bxd5 62.cxd5 Qc5+ 63.Kb1
Bxf2 64.d6 Bd4 65.d7 Qd5 66.d8=Q+ Qxd8 67.Qxe4 h5 68.Nb3 Bb6 69.Qc6 h4 70.Kc2 h3
71.Nd2 Qc7 72.Nf3 h2

[Event "2. Bundesliga West 2009/20010"]
[Site "Kufstein"]
[Date "2009.11.27"]
[Round "4"]
[Board "5"]
[White "Sandholzer, Robert"]
[Black "Meier, Alexander"]
[Result "1/2-1/2"]
[WhiteElo "2104"]
[BlackElo "2146"]
[PlyCount "118"]
[EventDate "2009.10.23"]
[EventType "team"]
[EventRounds "11"]
[EventCountry "AUT"]
[WhiteTeam "Hohenems II"]
[BlackTeam "Sparkasse Jenbach II"]

1.e4 g6 2.d4 Bg7 3.Nc3 d6 4.g3 Nc6 5.Be3 Nf6 6.h3 O-O 7.Bg2 e5 8.Nge2 a6 9.O-O
Nh5 10.Kh2 Ne7 11.dxe5 Bxe5 12.f4 Bh8 13.Bd4 f6 14.Qd3 Ng7 15.Rad1 Rb8 16.Ba7
Ra8 17.Bg1 Rb8 18.Ba7 Ra8 19.Bg1 Rb8 20.a4 Bd7 21.Nd4 h5 22.Rfe1 Kh7 23.Re2 Nc6
24.b3 Nxd4 25.Bxd4 Bc6 26.Nd5 Bxd5 27.exd5 Qd7 28.Rde1 Rbe8 29.c4 Rxe2 30.Rxe2
Rf7 31.Be4 f5 32.Bg2 Re7 33.Rxe7 Qxe7 34.Qe3 Qxe3 35.Bxe3 Ne8 36.Bf3 Bc3 37.g4
hxg4 38.hxg4 Nf6 39.gxf5 gxf5 40.Kg3 Kg6 41.Be2 a5 42.Kf3 c6 43.dxc6 bxc6 44.Bd3
d5 45.cxd5 cxd5 46.Bb6 Ne4 47.Bc2 Kf6 48.Ke3 Ke6 49.Ba7 Bd2+ 50.Kf3 Kd6 51.Ke2
Bc3 52.Ke3 Kc6 53.Bd1 Bb4 54.Bh5 Bc5+ 55.Bxc5 Kxc5 56.Kd3 Nf2+ 57.Ke3 Ne4 58.Kd3
Nd6 59.Bg6 Kb4

[Event "2. Bundesliga West 2009/20010"]
[Site "Kufstein"]
[Date "2009.11.27"]
[Round "4"]
[Board "6"]
[White "Schnegg, Daniel"]
[Black "Levy, Pascal"]
[Result "0-1"]
[WhiteElo "2092"]
[BlackElo "2071"]
[PlyCount "126"]
[EventDate "2009.10.23"]
[EventType "team"]
[EventRounds "11"]
[EventCountry "AUT"]
[WhiteTeam "Sparkasse Jenbach II"]
[BlackTeam "Hohenems II"]

1.e4 c5 2.Nf3 e6 3.d4 cxd4 4.Nxd4 Nc6 5.Nc3 d6 6.Be3 Nf6 7.Bc4 Be7 8.O-O O-O
9.f4 d5 10.exd5 exd5 11.Be2 Bc5 12.Kh1 Qe7 13.Bg1 Bxd4 14.Bxd4 Ne4 15.Bf3 Rd8
16.Ne2 Rd6 17.Bg1 Bf5 18.c3 Re8 19.Qe1 Rh6 20.Rd1 Nf6 21.Ng3 Qd7 22.Qd2 Bg4
23.Rde1 Rxe1 24.Qxe1 Bxf3 25.Rxf3 Ng4 26.Rd3 Qe6 27.Qd2 Nf6 28.f5 Qe5 29.Qe2 Ne4
30.Nxe4 dxe4 31.Re3 Qxf5 32.Rxe4 Re6 33.Re3 h6 34.h3 Qd5 35.b4 a6 36.c4 Rxe3
37.Bxe3 Qe4 38.a3 Ne5 39.Qf2 Nxc4 40.Bf4 Nxa3 41.Bxh6 Qxb4 42.Qg3 Qb1+ 43.Kh2
Qg6 44.Qb8+ Kh7 45.Bc1 Nc4 46.Qxb7 Qd6+ 47.g3 Qe6 48.Bf4 a5 49.Qb3 Qc6 50.h4 a4
51.Qd3+ g6 52.h5 a3 53.hxg6+ fxg6 54.Qe2 Qc5 55.g4 Nb2 56.Qd2 Qe7 57.Kh3 Qb7
58.Qa5 Nd3 59.Kg3 Qf7 60.Be3 a2 61.Qa8 Qc7+ 62.Kg2 Nb4 63.Kh3 Qg7

[Event "2. Bundesliga West 2009/20010"]
[Site "Kufstein"]
[Date "2009.11.27"]
[Round "4"]
[Board "1"]
[White "Prusikin, Michael"]
[Black "Weindl, Alfred"]
[Result "1-0"]
[WhiteElo "2534"]
[BlackElo "2353"]
[PlyCount "105"]
[EventDate "2009.10.23"]
[EventType "team"]
[EventRounds "11"]
[EventCountry "AUT"]
[WhiteTeam "Wuestenrot Sbg SIR"]
[BlackTeam "Bregenz"]

1.d4 Nf6 2.Nf3 g6 3.c4 Bg7 4.Nc3 O-O 5.e4 d6 6.Be2 e5 7.O-O Nbd7 8.Qc2 Re8 9.Rd1
c6 10.d5 c5 11.a3 Nh5 12.b4 b6 13.Rb1 Bf8 14.Qa4 Nf4 15.Bf1 Nf6 16.h3 N6h5
17.bxc5 bxc5 18.Bd2 Bd7 19.Qa6 g5 20.Nh2 Nf6 21.Re1 g4 22.Nb5 Bc8 23.Qa5 Rb8
24.Qxd8 Rxd8 25.Ba5 Rd7 26.Nxg4 Nxg4 27.hxg4 Rbb7 28.f3 Bh6 29.Kf2 Bg5 30.Nc3
Kf8 31.Rxb7 Rxb7 32.Rb1 Rxb1 33.Nxb1 Ke7 34.g3 Ng6 35.Bd3 Bc1 36.Ke2 Nf8 37.Bd2
Bb2 38.Bc3 Bc1 39.Kd1 Be3 40.Nd2 Bd7 41.Bc2 Bxd2 42.Bxd2 Ng6 43.Ke2 Ke8 44.Kd3
Ne7 45.g5 Ng6 46.Ke3 Ke7 47.Bc3 Be8 48.Bd1 Bd7 49.a4 a6 50.a5 Kf8 51.f4 Kg7
52.fxe5 Nxe5 53.Kf4

[Event "2. Bundesliga West 2009/20010"]
[Site "Kufstein"]
[Date "2009.11.27"]
[Round "4"]
[Board "2"]
[White "Hommeles, Theo"]
[Black "Bromberger, Stefan"]
[Result "1-0"]
[WhiteElo "2412"]
[BlackElo "2510"]
[PlyCount "87"]
[EventDate "2009.10.23"]
[EventType "team"]
[EventRounds "11"]
[EventCountry "AUT"]
[WhiteTeam "Bregenz"]
[BlackTeam "Wuestenrot Sbg SIR"]

1.e4 e5 2.Nf3 Nc6 3.Bb5 a6 4.Ba4 Nf6 5.O-O Be7 6.Re1 b5 7.Bb3 O-O 8.h3 d6 9.c3
Na5 10.Bc2 c5 11.d4 Qc7 12.Nbd2 Nc6 13.d5 Nd8 14.a4 Rb8 15.axb5 axb5 16.b4 Ne8
17.Nb3 f6 18.Be3 Nf7 19.bxc5 dxc5 20.c4 bxc4 21.Na5 Bd7 22.Nxc4 Ned6 23.Nfd2 Nb5
24.Bd3 Nd4 25.Ra3 Rb4 26.Qa1 Rfb8 27.Qa2 Nb5 28.Ra6 Nfd6 29.Rc1 Kh8 30.Nxd6 Bxd6
31.Nc4 Bf8 32.Bd2 Nd4 33.Bxb4 cxb4 34.Ra7 Qc8 35.Qb2 Qd8 36.Na5 b3 37.Rcc7 Be8
38.Bf1 Bg6 39.Bd3 Bd6 40.Rd7 Qf8 41.Nc6 Nxc6 42.dxc6 Be8 43.c7 Rc8 44.Rd8

[Event "2. Bundesliga West 2009/20010"]
[Site "Kufstein"]
[Date "2009.11.27"]
[Round "4"]
[Board "3"]
[White "Pitl, Gregory"]
[Black "Poettinger, Harald"]
[Result "1-0"]
[WhiteElo "2405"]
[BlackElo "2196"]
[PlyCount "57"]
[EventDate "2009.10.23"]
[EventType "team"]
[EventRounds "11"]
[EventCountry "AUT"]
[WhiteTeam "Wuestenrot Sbg SIR"]
[BlackTeam "Bregenz"]

1.d4 d6 2.Nf3 g6 3.e4 Nf6 4.Bd3 Bg7 5.h3 O-O 6.O-O Nc6 7.c3 e5 8.Re1 h6 9.Na3
Re8 10.Nc2 d5 11.exd5 Qxd5 12.Ne3 Qd8 13.Bb5 exd4 14.Nxd4 Bd7 15.Nxc6 Bxc6
16.Bxc6 bxc6 17.Qf3 Re6 18.Rf1 Rb8 19.Nc2 Qd5 20.Qg3 Qd7 21.Qf3 Qd5 22.Qf4 Rb7
23.Nb4 Qd7 24.Qf3 Ne4 25.Rd1 Qe7 26.Nd3 Rb8 27.Be3 a5 28.Nf4 Rd6 29.Re1

[Event "2. Bundesliga West 2009/20010"]
[Site "Kufstein"]
[Date "2009.11.27"]
[Round "4"]
[Board "4"]
[White "Hugentobler, Patrick"]
[Black "Pitschka, Klaus"]
[Result "1/2-1/2"]
[WhiteElo "2253"]
[BlackElo "2235"]
[PlyCount "54"]
[EventDate "2009.10.23"]
[EventType "team"]
[EventRounds "11"]
[EventCountry "AUT"]
[WhiteTeam "Bregenz"]
[BlackTeam "Wuestenrot Sbg SIR"]

1.e4 e6 2.d4 d5 3.Nc3 dxe4 4.Nxe4 Nd7 5.Bd3 Ngf6 6.Qe2 Be7 7.Nf3 O-O 8.c3 b6
9.O-O Bb7 10.Nxf6+ Nxf6 11.Bg5 c5 12.dxc5 Bxc5 13.Rad1 Qc7 14.Bxf6 gxf6 15.Be4
Rfd8 16.Bxb7 Qxb7 17.Rxd8+ Rxd8 18.Rd1 Rd5 19.Rxd5 Qxd5 20.b3 Qf5 21.Ne1 Qb1
22.Kf1 Ba3 23.Qd3 Qb2 24.Qg3+ Kf8 25.Qb8+ Kg7 26.Qg3+ Kf8 27.Qb8+ Kg7

[Event "2. Bundesliga West 2009/20010"]
[Site "Kufstein"]
[Date "2009.11.27"]
[Round "4"]
[Board "5"]
[White "Durakovic, Alman"]
[Black "Juen, Leopold"]
[Result "1-0"]
[WhiteElo "2176"]
[BlackElo "1991"]
[PlyCount "77"]
[EventDate "2009.10.23"]
[EventType "team"]
[EventRounds "11"]
[EventCountry "AUT"]
[WhiteTeam "Wuestenrot Sbg SIR"]
[BlackTeam "Bregenz"]

1.d4 Nf6 2.c4 g6 3.g3 c6 4.Bg2 d5 5.cxd5 cxd5 6.Nf3 Bg7 7.Nc3 e6 8.O-O O-O 9.Ne5
Nc6 10.f4 Ne7 11.Be3 Ne8 12.Rc1 Nd6 13.Bf2 f5 14.Qb3 Nc6 15.Nb5 Na5 16.Qb4 Nac4
17.b3 a5 18.Qc5 Nxe5 19.dxe5 Nxb5 20.Qxb5 Qd7 21.Qd3 Qd8 22.Rc5 Rf7 23.e4 fxe4
24.Bxe4 b6 25.Rxc8 Rxc8 26.Bf3 Rd7 27.Bg4 Rc6 28.h4 Bf8 29.Qb5 Qc7 30.h5 Kf7
31.hxg6+ hxg6 32.Qd3 Bc5 33.Bxc5 bxc5 34.Bh5 Qd8 35.Qxg6+ Kf8 36.f5 Rg7 37.Qh6
Kg8 38.f6 Rh7 39.f7+